| 000 | 00393nam a2200169Ia 4500 | ||
|---|---|---|---|
| 008 | 230524s9999 xx 000 0 und d | ||
| 082 |
_a530 _bGUP |
||
| 100 | _aS.L.Gupta | ||
| 245 | 0 | _aConcepts of Modern Physics | |
| 250 | _a* | ||
| 260 |
_aNEW DELHI _b Dhanpaat Rai _c2002 |
||
| 300 | _aXII;628 | ||
| 500 | _aQuantity Number: 2 | ||
| 650 | _aPhysics | ||
| 700 | _a S.Gupta | ||
| 942 | _cBK | ||
| 999 |
_c6566 _d6566 |
||